Football Teams Javi Casquero Played For - Statistics

General Stats
  • This quiz has been taken 12 times
  • The average score is 6 of 9
Answer Stats
League Years Team % Correct
Spain 2006-2012 Getafe CF
86%
Spain 2005-2006 Real Racing Club
86%
Spain 2000-2005 Sevilla FC
86%
Spain 1999-2000 Atlético de Madrid B
71%
Spain 2013-2014 Real Sporting de Gijón
71%
Spain 2012-2013 UD Almería
57%
Spain 1994-1996 CD Toledo
43%
Spain 1997-1999 CD Toledo
43%
Spain 1996-1997 Cultural Leonesa
43%
No matching quizzes found
Score Distribution
Percent of People with Each Score
Percentile by Number Answered
Your Score History
You have not taken this quiz